Từ xưng hô trong một số truyện ngắn của Nguyễn Công Hoan

Những giới thuyết liên quan đến đề tài. Khảo sát từ xưng hô trong một số truyện ngắn của Nguyễn Công Hoan. Giá trị biểu đạt của từ xưng hô trong một số truyện ngắn của Nguyễn Công Hoan

Uloženo v:
Podrobná bibliografie
Hlavní autor: Cao Thị Mai Hương
Další autoři: Nguyễn Trí Tân (Hướng dẫn)
Médium: Kniha
Jazyk:Vietnamese
Vydáno: Đà Nẵng Đại học Sư phạm, Đại học Đà Nẵng 2012
Témata:
Tagy: Přidat tag
Žádné tagy, Buďte první, kdo otaguje tento záznam!
Thư viện lưu trữ: Mạng thư viện Đại học Đà Nẵng
LEADER 01780nam a2200349 4500
001 000017035
003 13446
005 20130129150158.0
008 130129s2012 viesd
041 0 |a vie 
082 |a 895.9223  |b CA-H 
100 1 |a Cao Thị Mai Hương 
245 |a Từ xưng hô trong một số truyện ngắn của Nguyễn Công Hoan  |c Cao Thị Mai Hương ; Nguyễn Trí Tân hướng dẫn  |k Khóa luận tốt nghiệp 
260 |a Đà Nẵng  |b Đại học Sư phạm, Đại học Đà Nẵng  |c 2012 
300 |a 72 tr.,  |c 29 cm.  |e Đĩa CD, bản tóm tắt 
500 |a Khóa luận tốt nghiệp đại học. Chuyên ngành: Sư phạm Ngữ văn 
504 |a Mục lục đầu trang, tài liệu tham khảo tr. 73 - 74, phụ lục [13 tr.] 
520 |a Những giới thuyết liên quan đến đề tài. Khảo sát từ xưng hô trong một số truyện ngắn của Nguyễn Công Hoan. Giá trị biểu đạt của từ xưng hô trong một số truyện ngắn của Nguyễn Công Hoan 
600 1 4 |a Nguyễn Công Hoan  |b Vua  |c Đinh Tiên Hoàng  |d 1903-1977 
650 0 4 |a Truyện ngắn  |v Khóa luận tốt nghiệp  |x Nghiên cứu  |z Việt Nam 
653 |a Khoa Ngữ văn  |a Truyện ngắn 
700 |a Nguyễn Trí Tân  |e Hướng dẫn 
OWN |a LSP 
AVA |a UDN50  |b LSP  |d 895.9223 CA-H  |e available  |t Error 5001 Not defined in file expand_doc_bib_avail.  |f 1  |g 0  |h N  |i 0  |k 1 
999 |a From the UDN01 
AVA |a UDN50  |b LSP  |d 895.9223 CA-H  |e available  |t Error 5001 Not defined in file expand_doc_bib_avail.  |f 1  |g 0  |h N  |i 0  |k 1 
TYP |a Monograph 
TYP |a Printed language 
980 |a Mạng thư viện Đại học Đà Nẵng